Aprendamos a educar / Fabián Carrión, Juan Durán, Edgar Isch, Pablo Miranda, Mariana Pallasco, Fernando Rodríguez
Guardado en:
| Hovedforfatter: | |
|---|---|
| Andre forfattere: | , , , , |
| Format: | Bog |
| Sprog: | Spanish |
| Udgivet: |
[Lugar de publicación no identificado] :
Ediciones Opción,
2015
|
| Fag: | |
| Tags: |
Tilføj Tag
Ingen Tags, Vær først til at tagge denne postø!
|
MARC
| LEADER | 00000nam a22000007a 4500 | ||
|---|---|---|---|
| 008 | 160831b2015 s.l||||| |||| 00| | spa d | ||
| 020 | |a 994220923 | ||
| 090 | |a 06.02.01 |b 2368 | ||
| 100 | 1 | |9 1954 |a Carrión Jaramillo, Fabián | |
| 245 | 1 | 0 | |a Aprendamos a educar / Fabián Carrión, Juan Durán, Edgar Isch, Pablo Miranda, Mariana Pallasco, Fernando Rodríguez |
| 260 | |a [Lugar de publicación no identificado] : |b Ediciones Opción, |c 2015 | ||
| 300 | |a 149 páginas | ||
| 505 | |t La praxis educativa: ¿Reproducción o emancipación? / |r Fabián Carrión Jaramillo | ||
| 505 | |t Una aproximación a la pedagogía crítica / |r Edgar Isch L. | ||
| 505 | |t ¿Cómo educar para la emancipación social / |r Juan Carlos Durán Molina | ||
| 505 | |t Evaluación de la política 7 del Plan Decenal de Educación / |r Fernando Rodríguez A. | ||
| 505 | |t La interculturalidad en el Ecuador / |r Pablo MIranda | ||
| 650 | 0 | |9 1 |a EDUCACIÓN | |
| 700 | 1 | |9 1955 |a Durán Molina, Juan Carlos | |
| 700 | 1 | |9 1956 |a Isch L., Edgar | |
| 700 | 1 | |9 1957 |a Pallasco, Mariana | |
| 700 | 1 | |9 1958 |a Rodríguez A., Fernando | |
| 700 | 1 | |9 1959 |a Miranda, Pablo | |
| 942 | |i 004220 |h 06.02.01 2368 |2 z |c 01 | ||
| 999 | |c 3313 |d 3313 | ||
